Logo BPK

Biblioteka

Politechniki Koszalińskiej

RS-232 made easy : (Rekord nr 23797)

Szczegóły MARC
000 -ETYKIETA REKORDU
podpole kontrolne o stałej długości 00460nam a2200169 i 4500
001 - NUMER KONTROLNY REKORDU
pole kontrolne bg
020 ## - MIĘDZYNARODOWY ZNORMALIZOWANY NUMER KSIĄŻKI - ISBN
ISBN 0137834721
040 ## - ŹRÓDŁO KATALOGOWANIA
Instytucja, która utworzyła rekord BPK
041 ## - KOD JĘZYKA
Kod języka tekstu pol
080 ## - UNIWERSALNA KLASYFIKACJA DZIESIĘTNA - UKD
UKD 004
920 ## - Międzynarodowy znormalizowany numer książki – ISBN
ISBN 0-13-783472-1
008 - POLE O STAŁEJ DŁUGOŚCI - DANE KONTROLNE
podpole kontrolne o stałej długości s pl f |000 0 pol
100 1# - NAZWA OSOBOWA
Nazwa osobowa SEYER, Martin D.
245 #0 - TYTUŁ/ODPOWIEDZIALNOŚĆ
Tytuł RS-232 made easy :
Ciąg dalszy tytułu connecting, computers, printers, terminals and modems /
Pozostałe elementy strefy tytułu i oznaczenia odpowiedzialności Martin D. Seyer.
260 ## - STREFA ADRESU WYDAWNICZEGO
Miejsce wydania Englewood Cliffs :
Nazwa wydawcy/dystrybutora Prentice-Hall,
Data publikacji, dystrybucji/powstania dokumentu 1984.
856 ## - LOKALIZACJA I DOSTĘP DO ELEKTRONICZNYCH DOKUMENTÓW ZDALNYCH
Link (URL) http://koha.tu.koszalin.pl/cgi-bin/koha/opac-detail.pl?biblionumber=23797
Tekst linku Katalog online BPK
942 ## - DODATKOWE ELEMENTY (KOHA)
Typ dokumentu Książka
Egzemplarze
Wycofany Status egzemplarza Uszkodzony Dostępność Lokalizacja stała Lokalizacja bieżąca Miejsce przechowywania Sygnatura Kod kreskowy Ostatnio wypożyczono Typ dokumentu
      Dostępny Biblioteka Politechniki Koszalińskiej Biblioteka Politechniki Koszalińskiej Wypożyczalnia BG 34026 02032757 27.03.2014 Książka
© 2023 Biblioteka Politechniki Koszalińskiej :: KOHA